Sports Quiz

Random Sports or MLB Quiz
Score 0/97 Timer 10:00
0 Plays Today
Team Answer % Correct
Atlanta BravesFreddie Freeman
97.3%
St. Louis CardinalsYadier Molina
95.5%
Tampa Bay RaysJose Molina
95.5%
Pittsburgh PiratesRussell Martin
94.6%
Atlanta BravesBrian McCann
91.9%
Pittsburgh PiratesAndrew McCutchen
91.9%
Los Angeles DodgersClayton Kershaw
90.1%
Cincinnati RedsJoey Votto
90.1%
Los Angeles DodgersAdrian Gonzalez
89.2%
Atlanta BravesJustin Upton
88.3%
St. Louis CardinalsAdam Wainwright
88.3%
Cleveland IndiansAsdrubal Cabrera
88.3%
Detroit TigersMiguel Cabrera
88.3%
Boston Red SoxDustin Pedroia
86.5%
Atlanta BravesJason Heyward
83.8%
Los Angeles DodgersYasiel Puig
83.8%
St. Louis CardinalsMatt Carpenter
83.8%
St. Louis CardinalsMatt Holliday
83.8%
Cincinnati RedsBrandon Phillips
83.8%
Tampa Bay RaysEvan Longoria
83.8%
Boston Red SoxDavid Ortiz
83.8%
Los Angeles DodgersCarl Crawford
82.9%
Los Angeles DodgersAJ Ellis
82%
Los Angeles DodgersHanley Ramirez
82%
Detroit TigersPrince Fielder
82%
Detroit TigersMax Scherzer
82%
Atlanta BravesAndrelton Simmons
81.1%
Los Angeles DodgersMark Ellis
81.1%
St. Louis CardinalsDavid Freese
80.2%
Cincinnati RedsJay Bruce
79.3%
St. Louis CardinalsCarlos Beltran
78.4%
Boston Red SoxJon Lester
78.4%
Boston Red SoxMike Napoli
77.5%
Team Answer % Correct
Boston Red SoxJacoby Ellsbury
77.5%
Detroit TigersAlex Avila
77.5%
Pittsburgh PiratesStarling Marte
76.6%
Atlanta BravesElliot Johnson
75.7%
Atlanta BravesChris Johnson
75.7%
Pittsburgh PiratesPedro Alvarez
75.7%
Cincinnati RedsJohnny Cueto
75.7%
Cleveland IndiansJason Kipnis
75.7%
Detroit TigersAustin Jackson
75.7%
St. Louis CardinalsJon Jay
74.8%
Tampa Bay RaysBen Zobrist
74.8%
Detroit TigersVictor Martinez
73.9%
Cleveland IndiansYan Gomes
73%
Boston Red SoxJonny Gomes
73%
Oakland A'sJosh Donaldson
73%
Boston Red SoxWill Middlebrooks
72.1%
Pittsburgh PiratesNeil Walker
71.2%
Cleveland IndiansCarlos Santana
71.2%
Tampa Bay RaysJames Loney
71.2%
Oakland A'sJosh Reddick
71.2%
Los Angeles DodgersJuan Uribe
70.3%
Boston Red SoxJarrod Saltalamacchia
70.3%
Oakland A'sCoco Crisp
70.3%
Detroit TigersTorii Hunter
70.3%
Cleveland IndiansNick Swisher
69.4%
St. Louis CardinalsMatt Adams
68.5%
Cincinnati RedsTodd Frazier
68.5%
Cincinnati RedsZack Cozart
67.6%
Oakland A'sYoenis Cespedes
67.6%
Boston Red SoxShane Victorino
66.7%
Pittsburgh PiratesFrancisco Liriano
65.8%
Cincinnati RedsShin-Soo Choo
65.8%
Boston Red SoxStephen Drew
65.8%
Team Answer % Correct
Oakland A'sBrandon Moss
64.9%
Cleveland IndiansMichael Brantley
64%
Detroit TigersJose Iglesias
64%
Oakland A'sJed Lowrie
63.1%
Atlanta BravesKris Medlen
62.2%
Cleveland IndiansMichael Bourn
62.2%
Atlanta BravesEvan Gattis
61.3%
Tampa Bay RaysDesmond Jennings
61.3%
Detroit TigersOmar Infante
59.5%
Pittsburgh PiratesJustin Morneau
57.7%
Tampa Bay RaysYunel Escobar
55%
Cincinnati RedsRyan Ludwick
54.1%
Cleveland IndiansLonnie Chisenhall
54.1%
Pittsburgh PiratesMarlon Byrd
53.2%
St. Louis CardinalsDaniel Descalso
53.2%
Oakland A'sBartolo Colon
52.3%
Tampa Bay RaysAlex Cobb
51.4%
Detroit TigersAndy Dirks
51.4%
Pittsburgh PiratesClint Barmes
48.6%
Cincinnati RedsRyan Hanigan
47.7%
Tampa Bay RaysWil Myers
45.9%
Los Angeles DodgersSkip Schumaker
45%
Tampa Bay RaysDelmon Young
45%
Oakland A'sStephen Vogt
40.5%
Oakland A'sEric Sogard
40.5%
Houston AstrosJason Castro
40.4%
Cleveland IndiansDanny Salazar
36.9%
Oakland A'sDaric Barton
31.5%
Tampa Bay RaysDavid DeJesus
28.8%
Cleveland IndiansRyan Raburn
27%
Houston Astros
15.4%
Remove Ads.
Support Sporcle.
Get the best of Sporcle when you Go Orange. This ad-free experience offers more features, more stats, and more fun while also helping to support Sporcle. Thank you for becoming a member.

You're not logged in!

Compare scores with friends on all Sporcle quizzes.
OR
Log In

Show Comments

Extras

Top Quizzes Today


Score Distribution

Your Account Isn't Verified!

In order to create a playlist on Sporcle, you need to verify the email address you used during registration. Go to your Sporcle Settings to finish the process.

Report this User

Report this user for behavior that violates our Community Guidelines.

Details: